[Event "Bagnara Calabra op-B"]
[Site "Bagnara Calabra"]
[Date "2009.01.05"]
[Round "5"]
[White "Musico, Guglielmo"]
[Black "Russo, Biagio"]
[Result "0-1"]
[WhiteElo "1578"]
[BlackElo "1455"]
[PlyCount "85"]
[EventDate "2009.01.02"]
[EventType "swiss"]
[EventRounds "7"]
[EventCountry "ITA"]
[SourceTitle "CBM 128 Extra"]
[Source "ChessBase"]
[SourceDate "2009.03.05"]
[SourceVersion "2"]
[SourceVersionDate "2009.03.25"]
[SourceQuality "1"]

1. d4 Nf6 2. c4 g6 3. Nc3 Bg7 4. e4 d6 5. Nf3 0-0 6. Be2 Nbd7 7. 0-0 a5 8. Be3 b6 9. Qd2 c5 10. Bh6 cxd4 11. Nxd4 Bb7 12. Bxg7 Kxg7 13. f3 Nc5 14. Qc2 Qc8 15. Nd5 Nxd5 16. exd5 Qd7 17. Qc3 Kg8 18. Qe3 Kg7 19. Rad1 Rae8 20. Qc3 Kg8 21. Bd3 e6 22. dxe6 fxe6 23. Bc2 d5 24. Nb3 Na4 25. Qe5 Qc6 26. Nd2 dxc4 27. Be4 Qc8 28. Bxb7 Qxb7 29. Nxc4 Qa7 30. Qe3 Nc5 31. Rd6 b5 32. Ne5 Rc8 33. Rc1 Rc7 34. Rcd1 Rfc8 35. Ng4 Na4 36. Qxa7 Rxa7 37. Rxe6 Nxb2 38. Rb1 Rc2 39. a3 Rb7 40. Re5 a4 41. Ne3 Rd2 42. Kf1 b4 43. Ke1 0-1

[Event "Bagnara Calabra op-B"]
[Site "Bagnara Calabra"]
[Date "2008.01.04"]
[Round "3"]
[White "Musico, Guglielmo"]
[Black "Rizzuti, Pasquale"]
[Result "0-1"]
[WhiteElo "1548"]
[BlackElo "1832"]
[PlyCount "93"]
[EventDate "2008.01.02"]
[EventType "swiss"]
[EventRounds "7"]
[EventCountry "ITA"]
[SourceTitle "EXT 2009"]
[Source "ChessBase"]
[SourceDate "2008.11.26"]
[SourceVersion "1"]
[SourceVersionDate "2008.11.26"]
[SourceQuality "1"]

1. d4 d5 2. c4 c6 3. Nc3 Nf6 4. Nf3 dxc4 5. a4 Be6 6. e4 Na6 7. Ne5 Nc7 8. Bxc4 Bxc4 9. Nxc4 e6 10. Bg5 Be7 11. e5 Nfd5 12. Bxe7 Kxe7 13. Ne4 Ne8 14. 0-0 Kf8 15. f4 g6 16. Qb3 Rb8 17. Qf3 Kg7 18. Qg3 Ne7 19. Ncd6 Nf5 20. Nxe8+ Rxe8 21. Qf2 Qxd4 22. Qxd4 Nxd4 23. g3 Red8 24. Kf2 Rd5 25. Rfd1 Rbd8 26. Nc3 R5d7 27. Ne4 Rd5 28. Nc3 Nb3 29. Rab1 Rxd1 30. Rxd1 Rxd1 31. Nxd1 Nc5 32. Nc3 Nd3+ 33. Ke2 Nxb2 34. Kd2 f6 35. Kc2 Nc4 36. Kd3 Nb6 37. Kd4 Nd7 38. Ne4 fxe5+ 39. fxe5 b6 40. Nd6 Nc5 41. Ne8+ Kf8 42. Nf6 h5 43. h3 Nxa4 44. g4 hxg4 45. hxg4 Nc5 46. g5 Ke7 47. Ng4 0-1

[Event "RC Province-ch"]
[Site "Locri"]
[Date "2007.03.04"]
[Round "5"]
[White "Carabetta, Alfredo"]
[Black "Musico, Guglielmo"]
[Result "0-1"]
[WhiteElo "1512"]
[BlackElo "1506"]
[PlyCount "82"]
[EventDate "2007.03.02"]
[EventType "swiss"]
[EventRounds "5"]
[EventCountry "ITA"]
[SourceTitle "EXT 2010"]
[Source "ChessBase"]
[SourceDate "2010.11.25"]
[SourceVersion "1"]
[SourceVersionDate "2010.11.25"]
[SourceQuality "1"]

1. d4 g6 2. c4 Bg7 3. Nc3 Nf6 4. Bg5 d6 5. e4 0-0 6. Bd3 Nbd7 7. Nge2 c5 8. d5 Ne5 9. 0-0 a6 10. f4 Nxd3 11. Qxd3 Qc7 12. Qg3 Bd7 13. e5 dxe5 14. fxe5 Nh5 15. Qe3 Bxe5 16. g3 Bf5 17. Bh6 Bg7 18. Bxg7 Kxg7 19. Rxf5 gxf5 20. Qg5+ Kh8 21. Qxh5 Qe5 22. Qf3 b5 23. Qf4 Qf6 24. Rf1 b4 25. Na4 Rac8 26. Qxf5 Qg7 27. Nc1 Qd4+ 28. Kh1 e6 29. Qf6+ Kg8 30. Qg5+ Kh8 31. Qf6+ Kg8 32. Qxd4 cxd4 33. Nd3 f6 34. dxe6 Rxc4 35. b3 Rc6 36. Nac5 Kg7 37. Rf5 Rd6 38. Nxb4 Rc8 39. Ncd3 Rxe6 40. Nc5 Re5 41. Rxe5 fxe5 0-1

[Event "RC Province-ch"]
[Site "Locri"]
[Date "2007.03.04"]
[Round "4"]
[White "Musico, Guglielmo"]
[Black "Cordi, Domenico"]
[Result "0-1"]
[WhiteElo "1506"]
[BlackElo "2090"]
[PlyCount "93"]
[EventDate "2007.03.02"]
[EventType "swiss"]
[EventRounds "5"]
[EventCountry "ITA"]
[SourceTitle "EXT 2010"]
[Source "ChessBase"]
[SourceDate "2010.11.25"]
[SourceVersion "1"]
[SourceVersionDate "2010.11.25"]
[SourceQuality "1"]

1. d4 Nf6 2. c4 e6 3. Nc3 c5 4. Nf3 cxd4 5. Nxd4 d5 6. e3 a6 7. Be2 Be7 8. 0-0 0-0 9. a3 dxc4 10. Bxc4 b5 11. Be2 Bb7 12. Bf3 Qb6 13. Bxb7 Qxb7 14. Qf3 Qxf3 15. Nxf3 Nbd7 16. Nd4 Rac8 17. Nde2 Nc5 18. b4 Nd3 19. Nd1 Rc2 20. Nec3 Rc8 21. Ra2 R8xc3 22. Nxc3 Rxc3 23. Bb2 Nxb2 24. Rxb2 Rxa3 25. Rc1 g6 26. g3 Nd5 27. e4 Nxb4 28. Rc7 Nd3 29. Rd2 Bf6 30. f4 Bd4+ 31. Kf1 Ra1+ 32. Ke2 Nc1+ 33. Kf3 Nb3 34. Rd3 Rb1 35. Kg4 Kg7 36. e5 a5 37. h4 a4 38. h5 gxh5+ 39. Kxh5 a3 40. f5 Bxe5 41. Ra7 Nd4 42. fxe6 Rh1+ 43. Kg4 h5+ 44. Kg5 Nxe6+ 45. Kf5 Bb2 46. Rd6 Re1 47. Rb6 0-1